Tudományos ülésszak a múzeum dísztermében
Elmentve itt :
| Dokumentumtípus: | Cikk |
|---|---|
| Megjelent: |
1985-10-22
|
| Sorozat: | Délmagyarország
75 No. 248 |
| Kulcsszavak: | tanácskozások, pályázatok |
| Online Access: | http://dmarchiv.bibl.u-szeged.hu/119064 |
| LEADER | 00433nab a2200145 i 4500 | ||
|---|---|---|---|
| 001 | delm119064 | ||
| 005 | 20190906120116.0 | ||
| 008 | 190906s1985 hu o 0|| hun d | ||
| 040 | |a SZTE Délmagyarország Archívum |b hun | ||
| 041 | |a hun | ||
| 245 | 0 | 0 | |a Tudományos ülésszak a múzeum dísztermében |h [elektronikus dokumentum] |
| 260 | |c 1985-10-22 | ||
| 300 | |a 5 | ||
| 490 | 0 | |a Délmagyarország |v 75 No. 248 | |
| 695 | |a tanácskozások, pályázatok | ||